000 00404pab a2200169 454500
008 180718b2012 xxu||||| |||| 00| 0 eng d
100 _aHazra, Anupam
245 _aRural India: Still floating towards cities
260 _c2012
300 _ap.3-5.
362 _aFeb
650 _aRural development - India
650 _aRural development
773 _aKurukshetra
908 _aN
909 _a95077
999 _c95077
_d95077